000 00733nam a2200229 i 4500
001 95721
003 ES-MaACL
005 20230906181748.0
007 t|
008 050602s1970 sp ||||1| spa d
080 _a396
100 1 _aLloyd, Trevor.
_972956
245 1 4 _aLas sufragistas :
_bvaloración social de la mujer /
_cTrevor Lloyd ; traducción de Juan José Enríquez.
260 _aBarcelona :
_bNauta,
_c1970.
300 _a127 p., 7 lám. col., 4 lám. :
_bil. ;
_c22 cm.
490 1 _aBiblioteca del siglo XX
650 4 _aMujeres-
_xSituación social.
_915317
700 1 _aEnríquez, Juan José.
_947279
830 1 _aBiblioteca del siglo XX
_9232212
852 4 _aES-MaACL
_jC-45207
999 _c95721
_d95721